000 00519 a2200205 4500
005 20260325122146.0
008 260305b |||||||| |||| 00| 0 eng d
020 _a9789364554541
_cRs. 695.00
040 _aMAIN
082 _a347.9
_bS38C(2)
100 _aSrivastava, Monika A
245 _aCode of civil procedure
250 _a2nd
260 _bTaxmann
_c2025
_aNew Delhi
300 _av.
650 _aCivil Procedure-India
650 _aCivil Courts-India
650 _aProcedure(Law)-India
942 _cBK
999 _c396358
_d396358